[Event "Quebec-ch U12"]
[Site "Montreal CAN"]
[Date "2016.01.15"]
[Round "1"]
[White "Craciun, David"]
[Black "Omichi, Haruaki"]
[Result "0-1"]
[WhiteElo "1077"]
[BlackElo "1355"]
[PlyCount "44"]
[EventDate "2016.01.15"]
[EventType "swiss"]
[EventRounds "5"]
[EventCountry "CAN"]

1. e4 c5 2. Nf3 Nc6 3. d4 cxd4 4. Nxd4 g6 5. Be3 Bg7 6. Bc4 Nf6 7. Nc3 O-O 8.
O-O d6 9. f4 Ng4 10. Bf2 Nxf2 11. Kxf2 Bxd4+ 12. Ke1 Bg7 13. Qd2 Qb6 14. Bb3
Qd4 15. Qe2 Qb6 16. Rd1 h5 17. Nd5 Qd8 18. h3 Nd4 19. Qd2 Be6 20. Nc3 Bxb3 21.
axb3 e6 22. g4 Qh4+ 0-1

[Event "Quebec-ch U12"]
[Site "Montreal CAN"]
[Date "2016.01.15"]
[Round "1"]
[White "Huang, Qiuyu"]
[Black "Laroche, Hugo"]
[Result "1-0"]
[WhiteElo "1802"]
[BlackElo "1151"]
[PlyCount "121"]
[EventDate "2016.01.15"]
[EventType "swiss"]
[EventRounds "5"]
[EventCountry "CAN"]

1. e4 d5 2. exd5 Nf6 3. d4 Nxd5 4. c4 Nf6 5. Nc3 e6 6. Nf3 c5 7. d5 exd5 8.
Nxd5 Nxd5 9. Qxd5 Qxd5 10. cxd5 Bd6 11. Be3 O-O 12. O-O-O a6 13. Nd2 b5 14. Ne4
Bc7 15. Bxc5 Bf4+ 16. Kb1 Bf5 17. f3 Rc8 18. Bd4 Rd8 19. g3 Bc7 20. Bc3 Nc6 21.
Bxb5 Ne5 22. Bxe5 Bxe5 23. Bc4 a5 24. a4 Rab8 25. b3 Rb4 26. Ka2 Rc8 27. Rd2
Rcxc4 28. bxc4 Rxa4+ 29. Kb3 Rb4+ 30. Ka3 Bd7 31. Nc5 Be8 32. d6 Rxc4 33. d7
Bxd7 34. Nxd7 Bc3 35. Rd3 Bb4+ 36. Kb3 Rc7 37. Nb6 h6 38. Nd5 Bf8 39. Nxc7 Bb4
40. Na6 Bf8 41. Rd8 f5 42. Re1 Kf7 43. Ree8 Be7 44. Rxe7+ Kxe7 45. Rd5 a4+ 46.
Kxa4 g6 47. g4 fxg4 48. fxg4 Ke6 49. g5 h5 50. Nc7+ Ke7 51. h4 Kf7 52. Rd7+ Kf8
53. Ne6+ Kg8 54. Nc5 Kf8 55. Kb5 Ke8 56. Kc4 Kf8 57. Kd5 Kg8 58. Ke6 Kf8 59.
Ne4 Kg8 60. Nf6+ Kf8 61. Rf7# 1-0

[Event "Quebec-ch U12"]
[Site "Montreal CAN"]
[Date "2016.01.15"]
[Round "1"]
[White "Liu, Robert"]
[Black "Yu, Daniel-Tianqi"]
[Result "0-1"]
[WhiteElo "1151"]
[BlackElo "1565"]
[PlyCount "114"]
[EventDate "2016.01.15"]
[EventType "swiss"]
[EventRounds "5"]
[EventCountry "CAN"]

1. e4 d6 2. d4 g6 3. Nc3 Bg7 4. Nf3 Bg4 5. h3 Bxf3 6. Qxf3 Bxd4 7. Bc4 e6 8.
Be3 Bxc3+ 9. bxc3 Nc6 10. Bb5 Qf6 11. Qxf6 Nxf6 12. f3 a6 13. Be2 d5 14. Bh6
Rg8 15. Bg5 Nd7 16. exd5 exd5 17. O-O f6 18. Bf4 O-O-O 19. Rfd1 Nde5 20. Rab1
g5 21. Bg3 d4 22. c4 Rge8 23. Rb2 Na5 24. Rb4 Nec6 25. Rbb1 Rxe2 26. Rbc1 Nxc4
27. Rd3 Ne3 28. Bf2 Ne5 29. Rb3 Nxc2 30. Kf1 d3 31. Rd1 Ne3+ 32. Bxe3 Rxe3 33.
Rc3 Re2 34. Rdxd3 Rxd3 35. Rxd3 Nxd3 36. Kxe2 Nc1+ 37. Kd2 Nxa2 38. Kc2 b5 39.
Kb3 Nc1+ 40. Kb4 c6 41. Kc3 c5 42. Kc2 a5 43. Kxc1 a4 44. Kb2 c4 45. g3 b4 46.
h4 gxh4 47. gxh4 b3 48. f4 f5 49. h5 h6 50. Kb1 a3 51. Ka1 c3 52. Kb1 c2+ 53.
Kc1 a2 54. Kb2 a1=Q+ 55. Kxb3 c1=Q 56. Kb4 Qcc3+ 57. Kb5 Qaa5# 0-1

[Event "Quebec-ch U12"]
[Site "Montreal CAN"]
[Date "2016.01.15"]
[Round "1"]
[White "Mocanu, Alexander"]
[Black "Zhong, Wenxuan"]
[Result "0-1"]
[WhiteElo "1191"]
[BlackElo "1906"]
[PlyCount "86"]
[EventDate "2016.01.15"]
[EventType "swiss"]
[EventRounds "5"]
[EventCountry "CAN"]

1. e4 c5 2. Nf3 Nc6 3. d4 cxd4 4. Nxd4 g6 5. Nc3 Bg7 6. Be3 Nf6 7. Be2 O-O 8.
O-O d5 9. f3 e5 10. Nb3 d4 11. Bxd4 exd4 12. Nb5 Qb6 13. N5xd4 Nxe4 14. fxe4
Nxd4 15. Nxd4 Qxd4+ 16. Qxd4 Bxd4+ 17. Kh1 Bxb2 18. Rab1 Be5 19. Rb5 Bc7 20. e5
a6 21. Rc5 Bb6 22. Rd5 Be6 23. Rd6 Bc7 24. Rdd1 Bxa2 25. Bf3 Rab8 26. Ra1 Bc4
27. Rfe1 Rfe8 28. Rab1 b5 29. Ra1 a5 30. Bc6 Re6 31. Bd7 Re7 32. Bc6 a4 33.
Rab1 Rxe5 34. Rxe5 Bxe5 35. Rb4 Rd8 36. g3 Rd1+ 37. Kg2 Bc3 38. Rxc4 bxc4 39.
Bxa4 Rd2+ 40. Kh3 h5 41. Bb5 g5 42. Bxc4 Bf6 43. Bd3 g4# 0-1

[Event "Quebec-ch U12"]
[Site "Montreal CAN"]
[Date "2016.01.15"]
[Round "1"]
[White "Tanaka, Tyler"]
[Black "Simard, Felix"]
[Result "1-0"]
[WhiteElo "1492"]
[BlackElo "1091"]
[PlyCount "31"]
[EventDate "2016.01.15"]
[EventType "swiss"]
[EventRounds "5"]
[EventCountry "CAN"]

1. e4 e5 2. Nf3 Nc6 3. Bb5 Nf6 4. O-O d6 5. c3 Nxe4 6. d4 Bg4 7. Re1 Bxf3 8.
Qxf3 Ng5 9. Bxg5 Qxg5 10. Bxc6+ Kd8 11. Ba4 Rb8 12. dxe5 dxe5 13. Qd5+ Ke7 14.
Rxe5+ Qxe5 15. Qxe5+ Kd8 16. Qe8# 1-0

[Event "Quebec-ch U12"]
[Site "Montreal CAN"]
[Date "2016.01.15"]
[Round "1"]
[White "Yu, Xi Ming"]
[Black "Zhang, Xin Yu"]
[Result "1-0"]
[WhiteElo "1376"]
[BlackElo "1086"]
[PlyCount "57"]
[EventDate "2016.01.15"]
[EventType "swiss"]
[EventRounds "5"]
[EventCountry "CAN"]

1. e4 e5 2. Nf3 Nc6 3. Nc3 Nf6 4. d4 exd4 5. Nxd4 Bc5 6. Be3 O-O 7. Nxc6 bxc6
8. Bxc5 d6 9. Be3 Re8 10. Bd3 h6 11. h3 Bb7 12. O-O c5 13. f3 d5 14. Bxc5 dxe4
15. fxe4 Nxe4 16. Nxe4 Bxe4 17. Bxe4 Qxd1 18. Raxd1 Rxe4 19. Rd7 Rc4 20. Ba3
Rxc2 21. Rfxf7 Kh8 22. Rxg7 c5 23. Rh7+ Kg8 24. Rdg7+ Kf8 25. Rc7 Kg8 26. Rhd7
Rf8 27. Rg7+ Kh8 28. Rh7+ Kg8 29. Rcg7# 1-0

[Event "Quebec-ch U12"]
[Site "Montreal CAN"]
[Date "2016.01.16"]
[Round "2"]
[White "Bercuvitz, Tani"]
[Black "Arcand, Louis"]
[Result "1-0"]
[WhiteElo "1230"]
[BlackElo "1064"]
[PlyCount "89"]
[EventDate "2016.01.15"]
[EventType "swiss"]
[EventRounds "5"]
[EventCountry "CAN"]

1. d4 d5 2. c4 e6 3. Nc3 Nf6 4. Bg5 Bb4 5. Rc1 O-O 6. a3 Bxc3+ 7. Rxc3 Nc6 8.
Nf3 h6 9. Bh4 Re8 10. Ne5 g5 11. Nxc6 bxc6 12. Bg3 Ba6 13. cxd5 Nxd5 14. Rxc6
Bb5 15. Rc5 Rb8 16. b4 Re7 17. Qc2 f5 18. Be5 Be8 19. e3 Rb6 20. Bc4 c6 21.
Bxd5 exd5 22. Bf6 Rxe3+ 23. fxe3 Qxf6 24. O-O Bd7 25. Qa4 a6 26. Ra5 Bc8 27.
Qc2 Kg7 28. Qd3 Qe6 29. Rc5 Bd7 30. Rc2 Qf7 31. Rcf2 Kg6 32. g4 Qe7 33. gxf5+
Kf6 34. Re2 Qh7 35. Rg2 Rb5 36. e4 dxe4 37. Qxe4 Rxf5 38. Rxf5+ Bxf5 39. Rf2 h5
40. Qxc6+ Kg7 41. Qc7+ Kh6 42. Qd6+ Qg6 43. Qf8+ Qg7 44. Qxg7+ Kxg7 45. Rxf5
1-0

[Event "Quebec-ch U12"]
[Site "Montreal CAN"]
[Date "2016.01.16"]
[Round "2"]
[White "Democri, Radin"]
[Black "Craciun, David"]
[Result "1-0"]
[WhiteElo "1216"]
[BlackElo "1077"]
[PlyCount "75"]
[EventDate "2016.01.15"]
[EventType "swiss"]
[EventRounds "5"]
[EventCountry "CAN"]

1. e4 e5 2. Nf3 Nc6 3. Bc4 Nf6 4. d3 Be7 5. Be3 O-O 6. Nbd2 d5 7. exd5 Nxd5 8.
h3 f5 9. Ne4 Na5 10. Bxd5+ Qxd5 11. Nc3 Qe6 12. O-O b6 13. d4 e4 14. d5 Qd6 15.
Nd2 Qe5 16. f4 Qd6 17. Nb3 Nc4 18. Bc1 Ba6 19. Re1 Bh4 20. Rf1 Bg3 21. Nd4 Nxb2
22. Bxb2 Bxf1 23. Qxf1 Bxf4 24. Ne6 Be3+ 25. Kh1 Rf7 26. Qc4 a6 27. a4 Rd7 28.
Ba3 Qe5 29. Qc6 Rad8 30. Nxd8 Rxd8 31. Bb2 Qe8 32. Nd1 Qe7 33. Nxe3 f4 34. Nf5
Qf7 35. d6 Rc8 36. Ne7+ Kf8 37. Nxc8 e3 38. d7 1-0

[Event "Quebec-ch U12"]
[Site "Montreal CAN"]
[Date "2016.01.16"]
[Round "2"]
[White "Guzzo, Nikolas"]
[Black "Tanaka, Tyler"]
[Result "0-1"]
[WhiteElo "884"]
[BlackElo "1492"]
[PlyCount "69"]
[EventDate "2016.01.15"]
[EventType "swiss"]
[EventRounds "5"]
[EventCountry "CAN"]

1. e4 c5 2. Nf3 d6 3. Bc4 Nc6 4. Nc3 Nf6 5. O-O g6 6. d3 Bg7 7. Ng5 O-O 8. Be3
Ng4 9. Qf3 Nce5 10. Qf4 h6 11. Bxf7+ Nxf7 12. Nxf7 Rxf7 13. Qg3 Nxe3 14. fxe3
Rxf1+ 15. Rxf1 g5 16. Qf3 Qf8 17. Qh5 Qd8 18. Nd5 Be6 19. Qg6 Bxd5 20. exd5 Qe8
21. Qe6+ Kh8 22. Rf7 Bf6 23. c3 Qg8 24. d4 cxd4 25. cxd4 Rf8 26. Rxf8 Qxf8 27.
Qd7 Qb8 28. Qa4 Qc7 29. Qxa7 Qc1+ 30. Kf2 Qd2+ 31. Kf3 g4+ 32. Kxg4 Qxg2+ 33.
Kf4 Bg5+ 34. Kf5 Qxd5+ 35. Kg6 0-1

[Event "Quebec-ch U12"]
[Site "Montreal CAN"]
[Date "2016.01.16"]
[Round "2"]
[White "Laroche, Hugo"]
[Black "Tcherecharov, Blagovest"]
[Result "1-0"]
[WhiteElo "1151"]
[BlackElo "953"]
[PlyCount "61"]
[EventDate "2016.01.15"]
[EventType "swiss"]
[EventRounds "5"]
[EventCountry "CAN"]

1. c4 e5 2. Nc3 Nf6 3. d3 Bb4 4. Bd2 Bxc3 5. Bxc3 O-O 6. Bxe5 d6 7. Bc3 b6 8.
Nf3 Bb7 9. e4 Na6 10. b4 c5 11. b5 Nc7 12. g3 a6 13. a4 axb5 14. axb5 Rxa1 15.
Qxa1 Qe7 16. Bg2 d5 17. Bxf6 gxf6 18. O-O dxc4 19. dxc4 Bxe4 20. Re1 f5 21. Nd2
Qe6 22. Nxe4 fxe4 23. Rxe4 Qf5 24. h3 h5 25. Qe5 Qd7 26. Qg5+ Kh7 27. Qxh5+ Kg7
28. Rg4+ Kf6 29. Qg5+ Ke6 30. Re4+ Kd6 31. Qe5# 1-0

[Event "Quebec-ch U12"]
[Site "Montreal CAN"]
[Date "2016.01.16"]
[Round "2"]
[White "Richard, Leo"]
[Black "Liu, Robert"]
[Result "1/2-1/2"]
[WhiteElo "1453"]
[BlackElo "1151"]
[PlyCount "85"]
[EventDate "2016.01.15"]
[EventType "swiss"]
[EventRounds "5"]
[EventCountry "CAN"]

1. e4 e5 2. Nf3 Nc6 3. Bc4 Nf6 4. d3 Bc5 5. O-O d6 6. c3 Bg4 7. Nbd2 O-O 8. Re1
h6 9. Nf1 Bb6 10. h3 Be6 11. Bb3 Ne7 12. Ng3 Ng6 13. Bc2 c6 14. Be3 Bc7 15. Qd2
Kh7 16. d4 b5 17. dxe5 dxe5 18. Qxd8 Rfxd8 19. Rad1 a5 20. a3 a4 21. Bc5 Nd7
22. Bd6 Bb6 23. Nf5 f6 24. g3 Nc5 25. Bxc5 Bxc5 26. Kg2 Ne7 27. Nxe7 Bxe7 28.
Rxd8 Rxd8 29. Rd1 Rxd1 30. Bxd1 g5 31. Nh2 Bc4 32. Ng4 Be6 33. Ne3 Kg6 34. g4
Bf8 35. Nf5 Kf7 36. Bf3 Ke8 37. Kg3 Kd7 38. h4 Kc7 39. h5 Kb6 40. Be2 Kc5 41.
f3 Bc4 42. Bd1 Bd3 43. Ne3 1/2-1/2

[Event "Quebec-ch U12"]
[Site "Montreal CAN"]
[Date "2016.01.16"]
[Round "2"]
[White "Simard, Felix"]
[Black "Mocanu, Alexander"]
[Result "0-1"]
[WhiteElo "1091"]
[BlackElo "1191"]
[PlyCount "92"]
[EventDate "2016.01.15"]
[EventType "swiss"]
[EventRounds "5"]
[EventCountry "CAN"]

1. e4 e5 2. Nf3 Nc6 3. Bb5 d6 4. Bxc6+ bxc6 5. O-O Nf6 6. d3 Be7 7. Bg5 h6 8.
Bxf6 Bxf6 9. Nc3 O-O 10. d4 exd4 11. Nxd4 Bb7 12. Qd2 Re8 13. Rae1 Bxd4 14.
Qxd4 Ba6 15. Ne2 d5 16. f3 f5 17. e5 Qe7 18. f4 g5 19. g3 g4 20. Rf2 Bc8 21.
Nc3 Be6 22. Rfe2 Red8 23. h4 c5 24. Qe3 d4 25. Qf3 gxf3 26. Rd2 dxc3 27. Rxd8+
Rxd8 28. bxc3 Rd2 29. Rf1 f2+ 30. Rxf2 Rxf2 31. Kxf2 c4 32. Kf3 Qd7 33. g4
fxg4+ 34. Ke3 g3 35. Kf3 Bh3 36. Kxg3 Qg4+ 37. Kf2 Qg2+ 38. Ke3 c5 39. e6 Bxe6
40. a4 Qd5 41. a5 Bf5 42. a6 Qe4+ 43. Kd2 Qxc2+ 44. Ke1 Bg4 45. Kf1 Bf3 46. Kg1
Qg2# 0-1

[Event "Quebec-ch U12"]
[Site "Montreal CAN"]
[Date "2016.01.16"]
[Round "2"]
[White "Wang, Isabelle"]
[Black "Huang, Qiuyu"]
[Result "0-1"]
[WhiteElo "1280"]
[BlackElo "1802"]
[PlyCount "148"]
[EventDate "2016.01.15"]
[EventType "swiss"]
[EventRounds "5"]
[EventCountry "CAN"]

1. e4 c5 2. Nf3 Nc6 3. d4 cxd4 4. Nxd4 g6 5. Nc3 Bg7 6. Be3 Nf6 7. f3 O-O 8.
Qd2 d5 9. exd5 Nxd5 10. Nb3 Nxc3 11. bxc3 Qxd2+ 12. Bxd2 Rd8 13. Bd3 Ne5 14.
Ke2 Nxd3 15. cxd3 Bf5 16. d4 b6 17. g4 Be6 18. h3 Bc4+ 19. Kf2 e5 20. Be3 Bxb3
21. axb3 exd4 22. cxd4 Bxd4 23. Bxd4 Rxd4 24. Ra3 a5 25. Ra4 Rad8 26. Rxd4 Rxd4
27. Rc1 Rd3 28. Rb1 b5 29. Ra1 Rxb3 30. Rxa5 g5 31. Ra8+ Kg7 32. Re8 b4 33. Rb8
h6 34. Kg2 Rb2+ 35. Kg3 Rb3 36. Rb6 f6 37. Rb7+ Kf8 38. Rb6 Ke7 39. Kg2 Rb1 40.
Kf2 b3 41. Kg2 Kf7 42. Kh2 Kg6 43. Kg2 Kf7 44. Kf2 Ke7 45. Kg2 b2 46. Rb5 Kd6
47. Rb4 Kc5 48. Rb8 Kd4 49. Rd8+ Ke5 50. Re8+ Kd6 51. Rb8 Ke6 52. Rb7 Kd6 53.
Rb6+ Ke7 54. Rb7+ Kf8 55. Rb8+ Kg7 56. Rb7+ Kg6 57. Rb6 h5 58. gxh5+ Kxh5 59.
Rb5 Kg6 60. Rb6 Kf5 61. Rb4 Ke5 62. Re4+ Kd5 63. Rb4 f5 64. Rb8 Ke5 65. Rb4 Ke6
66. Rb6+ Kd5 67. Rb4 Ke5 68. Rb5+ Kf4 69. Rb4+ Ke3 70. Rb7 Re1 71. Rxb2 Re2+
72. Rxe2+ Kxe2 73. Kg3 Ke3 74. Kg2 f4 0-1

[Event "Quebec-ch U12"]
[Site "Montreal CAN"]
[Date "2016.01.16"]
[Round "2"]
[White "Yu, Daniel-Tianqi"]
[Black "Cai, Tony"]
[Result "0-1"]
[WhiteElo "1565"]
[BlackElo "1088"]
[PlyCount "98"]
[EventDate "2016.01.15"]
[EventType "swiss"]
[EventRounds "5"]
[EventCountry "CAN"]

1. e4 e5 2. Nf3 Nc6 3. Bc4 Bc5 4. d3 Nf6 5. Nc3 d6 6. h3 Nd4 7. Bg5 c6 8. a3
Qe7 9. Na4 Be6 10. Bxe6 Nxe6 11. Bxf6 Qxf6 12. Nxc5 dxc5 13. Qd2 Nd4 14. Nxd4
cxd4 15. Qb4 b6 16. O-O c5 17. Qb5+ Ke7 18. b4 Rhc8 19. Rac1 Kf8 20. c3 Kg8 21.
cxd4 exd4 22. bxc5 bxc5 23. Rxc5 Rd8 24. Rfc1 h6 25. Qc4 a5 26. Rf5 Qe7 27. Qc5
Qe8 28. Rd5 Rdc8 29. Re5 Qd7 30. Rc4 Rxc5 31. Rexc5 Qd6 32. a4 Rb8 33. g3 Qd7
34. Kg2 Rb4 35. Rd5 Qxa4 36. Rcc5 Qd1 37. Rc7 Rb1 38. g4 Qh1+ 39. Kg3 Rg1+ 40.
Kh4 g5+ 41. Rxg5+ hxg5+ 42. Kxg5 Qxh3 43. Kf6 Qh4+ 44. Ke5 Qh2+ 45. f4 Qh8+ 46.
Kd5 Kg7 47. Ke5 Qb8 48. Kf5 Qxc7 49. g5 Qd6 0-1

[Event "Quebec-ch U12"]
[Site "Montreal CAN"]
[Date "2016.01.16"]
[Round "2"]
[White "Zhong, Wenxuan"]
[Black "Yu, Xi Ming"]
[Result "1/2-1/2"]
[WhiteElo "1906"]
[BlackElo "1376"]
[PlyCount "129"]
[EventDate "2016.01.15"]
[EventType "swiss"]
[EventRounds "5"]
[EventCountry "CAN"]

1. Nf3 Nf6 2. g3 e6 3. Bg2 Be7 4. O-O O-O 5. d3 d6 6. e4 e5 7. b3 h6 8. Bb2 c5
9. c4 Nc6 10. Nc3 Nd4 11. Nxd4 cxd4 12. Ne2 Nd7 13. f4 Rb8 14. f5 Bg5 15. h4
Be3+ 16. Kh2 b5 17. Bc1 Bxc1 18. Nxc1 bxc4 19. dxc4 Nc5 20. Nd3 Bb7 21. Nxc5
dxc5 22. Qh5 Qf6 23. g4 Rfd8 24. g5 hxg5 25. hxg5 Qd6 26. g6 Qf6 27. Rf3 Kf8
28. Qg4 Ke7 29. Bh3 Rh8 30. Kg3 Rh6 31. gxf7 Kxf7 32. Qg6+ Rxg6+ 33. fxg6+ Kxg6
34. Rxf6+ gxf6 35. Bf5+ Kf7 36. Rh1 Rg8+ 37. Kf3 Rg5 38. Rh7+ Rg7 39. Be6+ Kf8
40. Rh8+ Ke7 41. Bf5 Kd6 42. Rd8+ Ke7 43. Rb8 Kd6 44. a3 Ba6 45. Rd8+ Ke7 46.
Rd7+ Kf8 47. Rd6 Bb7 48. Rxf6+ Rf7 49. Rxf7+ Kxf7 50. b4 cxb4 51. axb4 Ke7 52.
c5 Kd8 53. Be6 Kc7 54. Bc4 Kc6 55. Kg4 Bc8+ 56. Kf3 a5 57. bxa5 Kxc5 58. Bd3
Bb7 59. Bf1 Kb4 60. a6 Ba8 61. Bd3 Kc3 62. Ke2 Bc6 63. a7 Ba8 64. Bb1 Kb2 65.
Bd3 1/2-1/2

[Event "Quebec-ch U12"]
[Site "Montreal CAN"]
[Date "2016.01.16"]
[Round "3"]
[White "Arcand, Louis"]
[Black "Richard, Leo"]
[Result "0-1"]
[WhiteElo "1064"]
[BlackElo "1453"]
[PlyCount "80"]
[EventDate "2016.01.15"]
[EventType "swiss"]
[EventRounds "5"]
[EventCountry "CAN"]

1. e4 c5 2. Nf3 Nc6 3. d4 cxd4 4. Nxd4 g6 5. Be3 Bg7 6. Nc3 Nf6 7. f3 O-O 8.
Qd2 d5 9. exd5 Nxd5 10. Bf2 Nxc3 11. Nxc6 bxc6 12. bxc3 Qxd2+ 13. Kxd2 Rd8+ 14.
Bd3 Ba6 15. Rhe1 Rd7 16. Rad1 Rad8 17. Kc1 Bxd3 18. Rxd3 Rxd3 19. cxd3 Rxd3 20.
Kb1 Bxc3 21. Rxe7 Rd1+ 22. Kc2 Rd2+ 23. Kxc3 Rxf2 24. Rxa7 Rxg2 25. Ra8+ Kg7
26. Kd3 Rxh2 27. a4 h5 28. a5 Ra2 29. a6 h4 30. Rb8 Rxa6 31. Rb2 Kf6 32. Rg2
Kf5 33. Ke3 Ra3+ 34. Ke2 Ra2+ 35. Kf1 Rxg2 36. Kxg2 c5 37. Kf2 c4 38. Ke2 c3
39. f4 h3 40. Ke1 h2 0-1

[Event "Quebec-ch U12"]
[Site "Montreal CAN"]
[Date "2016.01.16"]
[Round "3"]
[White "Cai, Tony"]
[Black "Zhong, Wenxuan"]
[Result "0-1"]
[WhiteElo "1088"]
[BlackElo "1906"]
[PlyCount "120"]
[EventDate "2016.01.15"]
[EventType "swiss"]
[EventRounds "5"]
[EventCountry "CAN"]

1. e4 c5 2. Nf3 Nc6 3. Nc3 g6 4. Bc4 Bg7 5. O-O e6 6. Re1 Nge7 7. Nb5 d6 8. a4
O-O 9. d3 a6 10. Nc3 Rb8 11. Rb1 Na5 12. Ba2 b5 13. axb5 axb5 14. Ne2 b4 15.
Be3 Qc7 16. Qc1 Rd8 17. Bh6 Bh8 18. Ng3 Nac6 19. Qg5 f6 20. Qd2 Kf7 21. Qf4 Nd4
22. Nxd4 cxd4 23. Bb3 Qc5 24. Qh4 Bg7 25. Qh3 d5 26. Bxg7 Kxg7 27. Qg4 e5 28.
Qe2 Ra8 29. exd5 Nxd5 30. Ne4 Qc6 31. Qf3 Ne7 32. Ng5 Qxf3 33. Nxf3 Rd6 34. h3
Bb7 35. Nd2 Rda6 36. Bc4 R6a7 37. Nb3 Bd5 38. Bxd5 Nxd5 39. g3 Rc8 40. Rec1
Rac7 41. Na1 f5 42. Kg2 Kf6 43. Kf3 b3 44. Nxb3 Rxc2 45. Re1 Nb4 46. Na5 Nxd3
47. Rf1 e4+ 48. Kg2 Rxb2 49. Nb3 Rxb1 50. Rxb1 Ke5 51. Nd2 Rc2 52. Rb5+ Kd6 53.
Nf1 Rxf2+ 54. Kg1 e3 55. Rb6+ Kc7 56. Re6 Kd7 57. Ra6 e2 58. Ra1 Rxf1+ 59. Rxf1
e1=Q 60. Rxe1 Nxe1 0-1

[Event "Quebec-ch U12"]
[Site "Montreal CAN"]
[Date "2016.01.16"]
[Round "3"]
[White "Craciun, David"]
[Black "Simard, Felix"]
[Result "1-0"]
[WhiteElo "1077"]
[BlackElo "1091"]
[PlyCount "45"]
[EventDate "2016.01.15"]
[EventType "swiss"]
[EventRounds "5"]
[EventCountry "CAN"]

1. e4 e5 2. Nf3 Nc6 3. d4 Nf6 4. d5 Ne7 5. Nc3 c6 6. Nxe5 d6 7. Nf3 Bg4 8. Be2
Bxf3 9. Bxf3 cxd5 10. exd5 Nf5 11. O-O Nh4 12. Bg5 Nxf3+ 13. Qxf3 Be7 14. Rfe1
O-O 15. Rad1 Qd7 16. Ne4 Nxe4 17. Bxe7 Qxe7 18. Rxe4 Qd7 19. Rde1 Rae8 20. h3
Rxe4 21. Qxe4 Re8 22. Qxe8+ Qxe8 23. Rxe8# 1-0

[Event "Quebec-ch U12"]
[Site "Montreal CAN"]
[Date "2016.01.16"]
[Round "3"]
[White "Democri, Radin"]
[Black "Guzzo, Nikolas"]
[Result "1-0"]
[WhiteElo "1216"]
[BlackElo "884"]
[PlyCount "59"]
[EventDate "2016.01.15"]
[EventType "swiss"]
[EventRounds "5"]
[EventCountry "CAN"]

1. e4 e5 2. Nf3 Nc6 3. Bc4 Nf6 4. d3 Bc5 5. Be3 Bxe3 6. fxe3 h6 7. O-O Ng4 8.
Qe2 Nb4 9. Bb3 O-O 10. h3 Nf6 11. Nxe5 d6 12. Ng6 Re8 13. a3 Nc6 14. Nf4 Be6
15. Nxe6 fxe6 16. Nc3 d5 17. exd5 exd5 18. Qf3 Ne7 19. Qg3 c6 20. Rxf6 Nc8 21.
Rxh6 Kf8 22. Rf1+ Kg8 23. e4 Nb6 24. exd5 cxd5 25. Ne4 Re7 26. Nf6+ Kf8 27.
Rh8+ Kf7 28. Nxd5+ Ke6 29. Nxb6+ Qd5 30. Bxd5# 1-0

[Event "Quebec-ch U12"]
[Site "Montreal CAN"]
[Date "2016.01.16"]
[Round "3"]
[White "Huang, Qiuyu"]
[Black "Bercuvitz, Tani"]
[Result "1-0"]
[WhiteElo "1802"]
[BlackElo "1230"]
[PlyCount "81"]
[EventDate "2016.01.15"]
[EventType "swiss"]
[EventRounds "5"]
[EventCountry "CAN"]

1. e4 e5 2. Nf3 Nc6 3. Bc4 Bc5 4. c3 Nf6 5. d4 exd4 6. cxd4 Bb4+ 7. Bd2 Bxd2+
8. Nbxd2 d6 9. O-O Bg4 10. Qb3 O-O 11. Bd3 Na5 12. Qc3 Nc6 13. Rac1 Rc8 14. d5
Ne7 15. h3 Bd7 16. b4 Ng6 17. Nc4 b6 18. Ncd2 b5 19. Nb3 a6 20. Qd2 h6 21. Nbd4
Re8 22. Rfe1 Re7 23. Kh2 Rb8 24. g3 Kf8 25. Qc3 Rc8 26. Qa3 Ra8 27. Qa5 Be8 28.
Nf5 Bd7 29. Nxe7 Kxe7 30. Qxc7 Qxc7 31. Rxc7 Kd8 32. Rc3 Ke7 33. Ra3 Nf8 34.
Rc1 g5 35. Nd4 Ng6 36. Nc6+ Kf8 37. f3 Bc8 38. Bxb5 Bb7 39. Be2 Rc8 40. Bxa6
Ra8 41. b5 1-0

[Event "Quebec-ch U12"]
[Site "Montreal CAN"]
[Date "2016.01.16"]
[Round "3"]
[White "Liu, Robert"]
[Black "Laroche, Hugo"]
[Result "1-0"]
[WhiteElo "1151"]
[BlackElo "1151"]
[PlyCount "129"]
[EventDate "2016.01.15"]
[EventType "swiss"]
[EventRounds "5"]
[EventCountry "CAN"]

1. e4 e5 2. Nf3 Nc6 3. Bc4 Bc5 4. d3 h6 5. c3 d6 6. Nbd2 Nf6 7. Nf1 a6 8. h3
Na5 9. Bb3 Nxb3 10. axb3 Be6 11. Ng3 O-O 12. O-O Kh8 13. Re1 Ng8 14. Be3 b6 15.
d4 exd4 16. Bxd4 Bxd4 17. Nxd4 Qd7 18. b4 Ne7 19. f4 f5 20. e5 d5 21. Qf3 Nc6
22. Rad1 Nxd4 23. Rxd4 c5 24. bxc5 bxc5 25. Rd2 c4 26. Red1 Rab8 27. Nf1 Rb5
28. Ne3 Qa7 29. Qf2 Rfb8 30. Nxd5 Qxf2+ 31. Kxf2 Rxb2 32. Nc7 Rxd2+ 33. Rxd2
Rb6 34. Rd6 Rxd6 35. exd6 Bc8 36. Nxa6 Kg8 37. Nc5 Kf7 38. d7 Bxd7 39. Nxd7 Ke6
40. Ne5 Kd5 41. Ke3 g5 42. fxg5 hxg5 43. Nf7 f4+ 44. Kf3 Ke6 45. Nxg5+ Kf5 46.
Ne4 Ke5 47. g3 fxg3 48. Nxg3 Kf6 49. Ke4 Ke6 50. h4 Kf6 51. Kd4 Ke6 52. Kxc4
Kf6 53. Kb5 Ke6 54. c4 Kd6 55. h5 Ke6 56. Kb6 Kf6 57. c5 Ke6 58. c6 Kd6 59. h6
Ke6 60. h7 Ke7 61. h8=Q Kf7 62. c7 Ke7 63. c8=Q Kf7 64. Qd7+ Kg6 65. Qhg7# 1-0

[Event "Quebec-ch U12"]
[Site "Montreal CAN"]
[Date "2016.01.16"]
[Round "3"]
[White "Mocanu, Alexander"]
[Black "Omichi, Haruaki"]
[Result "1/2-1/2"]
[WhiteElo "1191"]
[BlackElo "1355"]
[PlyCount "87"]
[EventDate "2016.01.15"]
[EventType "swiss"]
[EventRounds "5"]
[EventCountry "CAN"]

1. e4 c5 2. Nf3 Nc6 3. d4 cxd4 4. Nxd4 g6 5. Nc3 Bg7 6. Be3 Nf6 7. Be2 O-O 8.
O-O d6 9. f4 Bd7 10. Bf3 Ne8 11. Qd2 f5 12. exf5 Nxd4 13. Bxd4 Bxf5 14. Bxb7
Rb8 15. Bd5+ e6 16. Bb3 Kh8 17. Bxa7 Rb7 18. Bd4 e5 19. fxe5 dxe5 20. Be3 Qxd2
21. Bxd2 h6 22. a3 e4 23. Rae1 Nf6 24. h3 h5 25. Kh1 Re8 26. Rf2 Rbe7 27. Rfe2
h4 28. Bg5 Nh5 29. Bxh4 Bxc3 30. bxc3 Rc7 31. c4 g5 32. Bf2 Bg6 33. Kh2 Kh7 34.
a4 Ng7 35. c5 Rce7 36. Bc4 Nh5 37. Bb5 Rd8 38. Bc6 Nf4 39. Re3 Rd2 40. Kg1 Rxc2
41. Bxe4 Bxe4 42. Rxe4 Rxe4 43. Rxe4 Nd3 44. Bd4 1/2-1/2

[Event "Quebec-ch U12"]
[Site "Montreal CAN"]
[Date "2016.01.16"]
[Round "3"]
[White "Yu, Xi Ming"]
[Black "Yu, Daniel-Tianqi"]
[Result "1/2-1/2"]
[WhiteElo "1376"]
[BlackElo "1565"]
[PlyCount "126"]
[EventDate "2016.01.15"]
[EventType "swiss"]
[EventRounds "5"]
[EventCountry "CAN"]

1. e4 c5 2. c3 d6 3. d4 cxd4 4. cxd4 g6 5. Nc3 Nc6 6. Nf3 Bg4 7. Be2 Bg7 8. Be3
Nf6 9. h3 Bxf3 10. Bxf3 e5 11. d5 Ne7 12. O-O O-O 13. Qd2 Ne8 14. Bh6 f5 15.
Bxg7 Nxg7 16. exf5 Nexf5 17. Rac1 Nd4 18. Bg4 Ngf5 19. Bxf5 Rxf5 20. Ne2 Nxe2+
21. Qxe2 Qa5 22. Qc4 Rf4 23. Qb3 Rb4 24. Qc3 Rb5 25. Qc7 Qxc7 26. Rxc7 Rc5 27.
Rxb7 Rxd5 28. Rc1 Rc5 29. Rxc5 dxc5 30. Rc7 Rb8 31. b3 a5 32. Rxc5 a4 33. bxa4
Rb1+ 34. Kh2 Rb2 35. Rxe5 Rxa2 36. Ra5 Rxf2 37. Ra7 Ra2 38. a5 Ra3 39. h4 h5
40. g3 Kf8 41. Kh3 Ke8 42. Kh2 Kd8 43. Kh3 Ra2 44. Ra6 Ke8 45. Ra7 Kd8 46. Rg7
Rxa5 47. Rxg6 Ke7 48. Kg2 Kf7 49. Rd6 Ra3 50. Kf2 Kg7 51. Kg2 Kf7 52. Rh6 Ra5
53. Kf3 Kg7 54. Re6 Rf5+ 55. Ke4 Rf1 56. Re5 Kg6 57. Rg5+ Kh6 58. Rf5 Rg1 59.
Rf6+ Kg7 60. Rf3 Kg6 61. Kf4 Ra1 62. Re3 Rf1+ 63. Rf3 Ra1 1/2-1/2

[Event "Quebec-ch U12"]
[Site "Montreal CAN"]
[Date "2016.01.16"]
[Round "3"]
[White "Zhang, Xin Yu"]
[Black "Wang, Isabelle"]
[Result "0-1"]
[WhiteElo "1086"]
[BlackElo "1280"]
[PlyCount "90"]
[EventDate "2016.01.15"]
[EventType "swiss"]
[EventRounds "5"]
[EventCountry "CAN"]

1. e4 e5 2. Nf3 Nc6 3. Nc3 Nf6 4. Bb5 d6 5. O-O Be7 6. d4 exd4 7. Nxd4 Bd7 8.
Re1 Ne5 9. Bxd7+ Qxd7 10. Nf5 O-O 11. h3 Rfe8 12. Bf4 Ng6 13. Bg5 h6 14. Be3
Bf8 15. Bc1 Kh7 16. Qd3 Nxe4 17. Qf3 Nxc3 18. bxc3 Rxe1+ 19. Kh2 Rae8 20. Qh5
R1e5 21. f4 Rxf5 22. Qg4 Qe6 23. Bd2 Rd5 24. f5 Rxf5 25. Re1 Re5 26. Qg3 Rxe1
27. Bxe1 Qxe1 28. Qf3 Qe5+ 29. g3 Qe2+ 30. Qxe2 Rxe2+ 31. Kg1 Rxc2 32. a3 Ne5
33. g4 g5 34. Kf1 Kg6 35. Ke1 h5 36. Kd1 Rh2 37. gxh5+ Kxh5 38. c4 Rxh3 39. a4
g4 40. Ke1 Rf3 41. Ke2 g3 42. Kd2 g2 43. Kc2 g1=Q 44. Kb2 Qg2+ 45. Kb1 Rf1# 0-1